000 00340nam a2200145Ia 4500
008 230312s9999||||xx |||||||||||||| ||und||
020 _a0-671-84685-x
082 _a610.71173
_bPLA-G
100 _aPlantz;Scott,H
245 0 _aGetting into Medical School
260 _bScott
_aUSA
_c1993
300 _a156
650 _aMedical
942 _cBK
999 _c2176
_d2176